Normal view MARC view
  • Handicraft

Entry Topical Term

Number of records used in: 1

001 - CONTROL NUMBER

  • control field: 131060

003 - CONTROL NUMBER IDENTIFIER

  • control field: NUST

005 - DATE AND TIME OF LATEST TRANSACTION

  • control field: 20251009154334.0

008 - FIXED-LENGTH DATA ELEMENTS

  • fixed length control field: 251009|| aca||aabn | a|a d

040 ## - CATALOGING SOURCE

  • Original cataloging agency: NUST
  • Transcribing agency: NUST

150 ## - HEADING--TOPICAL TERM

  • Topical term or geographic name entry element: Handicraft
  • Geographic subdivision: Pakistan

670 ## - SOURCE DATA FOUND

  • Source citation: Work cat.: (NUST)0: Riazuddin, Akhtar, 1928- 131058, History of handicrafts :, 1988.
© 2023 Central Library, National University of Sciences and Technology. All Rights Reserved.